Weezer Discography - Statistics

General Stats
  • This quiz has been taken 73 times
  • The average score is 57 of 195
Answer Stats
Year Album Song % Correct
1994 Weezer Buddy Holly
93%
1994 Weezer Say It Ain't So
93%
1994 Weezer My Name Is Jonas
91%
1994 Weezer Undone – The Sweater Song
87%
1994 Weezer Only in Dreams
84%
1994 Weezer No One Else
82%
1996 Pinkerton El Scorcho
80%
2001 Weezer Hash Pipe
80%
1994 Weezer In the Garage
80%
1996 Pinkerton Pink Triangle
80%
2008 Weezer Pork and Beans
80%
2005 Make Believe Beverly Hills
76%
1996 Pinkerton Butterfly
76%
2001 Weezer Island in the Sun
76%
1994 Weezer Surf Wax America
76%
1994 Weezer The World Has Turned and Left Me Here
73%
1996 Pinkerton Tired of Sex
71%
1996 Pinkerton Across the Sea
69%
1994 Weezer Holiday
67%
1996 Pinkerton The Good Life
64%
2001 Weezer Crab
62%
2005 Make Believe Perfect Situation
62%
2019 Weezer (T) Africa
58%
2002 Maladroit Dope Nose
58%
1996 Pinkerton Getchoo
58%
2001 Weezer Photograph
58%
1996 Pinkerton Why Bother?
58%
1996 Pinkerton Falling for You
53%
1996 Pinkerton No Other One
53%
2008 Weezer Troublemaker
51%
2021 OK Human All My Favorite Songs
49%
2002 Maladroit Burndt Jamb
49%
2002 Maladroit Keep Fishin'
47%
2014 Everything Will Be Alright in the End Back to the Shack
44%
2016 Weezer California Kids
44%
2001 Weezer Don't Let Go
44%
2016 Weezer Thank God for Girls
44%
2014 Everything Will Be Alright in the End Go Away
42%
2009 Ratitude (If You're Wondering If I Want You To) I Want You To
42%
2001 Weezer O Girlfriend
42%
2010 Hurley Memories
40%
2019 Weezer No Scrubs
40%
2008 Weezer The Greatest Man That Ever Lived (Variations on a Shaker Hymn)
40%
2022 SZNZ: Winter Basketball
38%
2022 SZNZ: Summer Records
38%
2005 Make Believe We Are All on Drugs
38%
2019 Weezer Billie Jean
36%
2014 Everything Will Be Alright in the End Cleopatra
36%
2019 Weezer Everybody Wants to Rule the World
36%
2021 Van Weezer Hero
36%
2016 Weezer L.A. Girlz
36%
2009 Ratitude Can't Stop Partying
33%
2021 OK Human Grapes of Wrath
33%
2008 Weezer The Angel and the One
33%
2021 OK Human Aloo Gobi
31%
2005 Make Believe Haunt You Every Day
31%
2022 SZNZ: Winter I Want a Dog
31%
2019 Weezer Take On Me
31%
2014 Everything Will Be Alright in the End The British Are Coming
31%
2014 Everything Will Be Alright in the End The Futurescope Trilogy: II. Anonymous
31%
2005 Make Believe This Is Such a Pity
31%
2019 Weezer Zombie Bastards
31%
2002 Maladroit American Gigolo
29%
2002 Maladroit December
29%
2008 Weezer Dreamin'
29%
2001 Weezer Knock-Down Drag-Out
29%
2019 Weezer Paranoid
29%
2002 Maladroit Slob
29%
2016 Weezer Summer Elaine and Drunk Dori
29%
2014 Everything Will Be Alright in the End The Futurescope Trilogy: III. Return to Ithaka
29%
2009 Ratitude The Girl Got Hot
29%
2014 Everything Will Be Alright in the End Da Vinci
27%
2016 Weezer Do You Wanna Get High?
27%
2016 Weezer Endless Bummer
27%
2008 Weezer Heart Songs
27%
2005 Make Believe Hold Me
27%
1996 The Good Life I Just Threw Out the Love of My Dreams
27%
2009 Ratitude I'm Your Daddy
27%
2005 Make Believe My Best Friend
27%
2001 Weezer Simple Pages
27%
2001 Weezer Smile
27%
2014 Everything Will Be Alright in the End The Futurescope Trilogy: I. The Waste Land
27%
2008 Weezer Automatic
24%
2008 Weezer Cold Dark World
24%
2022 SZNZ: Summer Cuomoville
24%
2014 Everything Will Be Alright in the End Eulogy for a Rock Band
24%
2001 Weezer Glorious Day
24%
2009 Ratitude In the Mall
24%
2019 Weezer Mr. Blue Sky
24%
2005 Make Believe Peace
24%
2002 Maladroit Slave
24%
2010 Hurley Where's My Sex?
24%
2022 SZNZ: Spring A Little Bit of Love
22%
2017 Pacific Daydream Beach Boys
22%
2019 Weezer (B) California Snow
22%
2019 Weezer (B) Can't Knock the Hustle
22%
2017 Pacific Daydream Feels Like Summer
22%
2014 Everything Will Be Alright in the End Foolish Father
22%
2005 Make Believe Freak Me Out
22%
2016 Weezer (Girl We Got A) Good Thing
22%
2019 Weezer High as a Kite
22%
2022 SZNZ: Summer Lawn Chair
22%
2017 Pacific Daydream Mexican Fender
22%
2021 OK Human Numbers
22%
2017 Pacific Daydream QB Blitz
22%
2010 Hurley Trainwrecks
22%
2014 Everything Will Be Alright in the End Ain't Got Nobody
20%
2017 Pacific Daydream Any Friend of Diane's
20%
2021 Van Weezer Beginning of the End
20%
2022 SZNZ: Summer Blue Like Jazz
20%
2022 SZNZ: Autumn Can't Dance, Don't Ask Me
20%
2002 Maladroit Death and Destruction
20%
2017 Pacific Daydream Happy Hour
20%
2019 Weezer Happy Together
20%
2016 Weezer Jacked Up
20%
2021 OK Human La Brea Tar Pits
20%
2002 Maladroit Love Explosion
20%
2022 SZNZ: Spring Opening Night
20%
2002 Maladroit Possibilities
20%
2010 Hurley Ruling Me
20%
2022 SZNZ: Autumn Run, Raven, Run
20%
2019 Weezer Sweet Dreams (Are Made of This)
20%
2022 SZNZ: Summer Thank You and Good Night
20%
2021 Van Weezer The End of the Game
20%
2016 Weezer Wind in Our Sail
20%
2021 Van Weezer 1 More Hit
18%
2022 SZNZ: Spring Angels on Vacation
18%
2002 Maladroit Fall Together
18%
2022 SZNZ: Autumn Francesca
18%
2022 SZNZ: Winter Iambic Pentameter
18%
2016 Weezer King of the World
18%
2005 Make Believe Pardon Me
18%
2021 OK Human Playing My Piano
18%
2002 Maladroit Space Rock
18%
2005 Make Believe The Other Way
18%
2008 Weezer Thought I Knew
18%
2009 Ratitude Trippin' Down the Freeway
18%
2021 OK Human Bird with a Broken Wing
16%
2019 Weezer Byzantine
16%
2014 Everything Will Be Alright in the End I've Had It Up to Here
16%
2014 Everything Will Be Alright in the End Lonely Girl
16%
2009 Ratitude Love Is the Answer
16%
2021 OK Human Screens
16%
2019 Weezer (T) Stand By Me
16%
2017 Pacific Daydream Sweet Mary
16%
2017 Pacific Daydream Weekend Woman
16%
2022 SZNZ: Autumn What Happens After You?
16%
2021 Van Weezer Blue Dream
13%
2021 OK Human Here Comes the Rain
13%
2019 Weezer I'm Just Being Honest
13%
2021 OK Human Mirror Image
13%
2021 Van Weezer Precious Metal Girl
13%
2002 Maladroit Take Control
13%
2005 Make Believe The Damage in Your Heart
13%
2022 SZNZ: Winter The Deep and Dreamless Sleep
13%
2022 SZNZ: Winter The One That Got Away
13%
2019 Weezer The Prince Who Wanted Everything
13%
2010 Hurley Unspoken
13%
2022 SZNZ: Spring Wild at Heart
13%
2022 SZNZ: Spring All This Love
11%
2010 Hurley Brave New World
11%
2021 OK Human Dead Roses
11%
2022 SZNZ: Autumn Get Off on the Pain
11%
2017 Pacific Daydream Get Right
11%
2010 Hurley Hang On
11%
2017 Pacific Daydream La Mancha Screwjob
11%
2019 Weezer Living in L.A.
11%
2019 Weezer Piece of Cake
11%
2009 Ratitude Put Me Back Together
11%
2018 Single Rosanna
11%
2022 SZNZ: Winter Sheraton Commander
11%
2010 Hurley Smart Girls
11%
2010 Hurley Time Flies
11%
2021 Van Weezer All the Good Ones
9%
2022 SZNZ: Winter Dark Enough to See the Stars
9%
2021 OK Human Everything Happens for a Reason
9%
2009 Ratitude I Don't Want to Let You Go
9%
2021 Van Weezer Sheila Can Do It
9%
2022 SZNZ: Autumn Should She Stay or Should She Go
9%
2022 SZNZ: Autumn Tastes Like Pain
9%
2022 SZNZ: Spring The Garden of Eden
9%
2022 SZNZ: Summer The Opposite of Me
9%
2022 SZNZ: Spring The Sound of Drums
9%
2022 SZNZ: Summer What's the Good of Being Good
9%
2008 Weezer Everybody Gets Dangerous
7%
2021 Van Weezer I Need Some of That
7%
2009 Ratitude Let It All Hang Out
7%
2010 Hurley Run Away
7%
2021 Van Weezer She Needs Me
7%
2010 Single Represent
4%
2001 Christmas CD The Christmas Song
4%
2019 Weezer Too Many Thoughts in My Head
4%
2001 Christmas CD Christmas Celebration
2%
2021 Single Tell Me What You Want
2%
1996 The Good Life Waiting on You
0%
No matching quizzes found
Score Distribution
Percent of People with Each Score
Percentile by Number Answered
Your Score History
You have not taken this quiz